<?xml version="1.0" encoding="UTF-8"?>
<record
    xmlns:xsi="http://www.w3.org/2001/XMLSchema-instance"
    xsi:schemaLocation="http://www.loc.gov/MARC21/slim http://www.loc.gov/standards/marcxml/schema/MARC21slim.xsd"
    xmlns="http://www.loc.gov/MARC21/slim">

  <leader>03083pam a2200373 i 4500</leader>
  <controlfield tag="001">990227879710107026</controlfield>
  <controlfield tag="003">UkOxU</controlfield>
  <controlfield tag="005">20260310143823.0</controlfield>
  <controlfield tag="008">210914s2022    njua     b    001|0|eng|d</controlfield>
  <datafield tag="015" ind1=" " ind2=" ">
    <subfield code="a">GBC1G1466</subfield>
    <subfield code="2">bnb</subfield>
  </datafield>
  <datafield tag="016" ind1="7" ind2=" ">
    <subfield code="a">020340438</subfield>
    <subfield code="2">Uk</subfield>
  </datafield>
  <datafield tag="020" ind1=" " ind2=" ">
    <subfield code="a">9781292331362</subfield>
    <subfield code="q">print</subfield>
    <subfield code="q">paperback</subfield>
    <subfield code="c">&#x110;45.99</subfield>
  </datafield>
  <datafield tag="020" ind1=" " ind2=" ">
    <subfield code="z">9781292331348</subfield>
    <subfield code="q">PDF</subfield>
    <subfield code="c">&#x110;45.99</subfield>
  </datafield>
  <datafield tag="020" ind1=" " ind2=" ">
    <subfield code="z">9781292331379</subfield>
    <subfield code="q">ePub</subfield>
    <subfield code="c">&#x110;45.99</subfield>
  </datafield>
  <datafield tag="035" ind1=" " ind2=" ">
    <subfield code="a">(UkOxU)022787971</subfield>
  </datafield>
  <datafield tag="035" ind1=" " ind2=" ">
    <subfield code="a">(UkOxU)022787971BIB01</subfield>
  </datafield>
  <datafield tag="035" ind1=" " ind2=" ">
    <subfield code="a">(Uk)020340438</subfield>
  </datafield>
  <datafield tag="040" ind1=" " ind2=" ">
    <subfield code="a">StDuBDS</subfield>
    <subfield code="b">eng</subfield>
    <subfield code="e">rda</subfield>
    <subfield code="c">StDuBDS</subfield>
    <subfield code="d">Uk</subfield>
    <subfield code="d">UkOxU</subfield>
  </datafield>
  <datafield tag="041" ind1=" " ind2=" ">
    <subfield code="a">English</subfield>
  </datafield>
  <datafield tag="042" ind1=" " ind2=" ">
    <subfield code="a">ukblsr</subfield>
  </datafield>
  <datafield tag="100" ind1=" " ind2=" ">
    <subfield code="a">McGivern, Yvonne,</subfield>
    <subfield code="e">author.</subfield>
    <subfield code="9">26860</subfield>
  </datafield>
  <datafield tag="245" ind1="1" ind2="4">
    <subfield code="a">The practice of market research </subfield>
    <subfield code="b">: from data to insight </subfield>
    <subfield code="c">/ Yvonne McGivern.</subfield>
  </datafield>
  <datafield tag="250" ind1=" " ind2=" ">
    <subfield code="a">Fifth edition.</subfield>
  </datafield>
  <datafield tag="264" ind1=" " ind2="1">
    <subfield code="a">Harlow, England :</subfield>
    <subfield code="b">Pearson,</subfield>
    <subfield code="c">2022.</subfield>
  </datafield>
  <datafield tag="300" ind1=" " ind2=" ">
    <subfield code="a">xxv, 640 pages :</subfield>
    <subfield code="b">illustrations (black and white) ;</subfield>
    <subfield code="c">25 cm</subfield>
  </datafield>
  <datafield tag="500" ind1=" " ind2=" ">
    <subfield code="a">Previous edition: Harlow : Pearson, 2013.</subfield>
  </datafield>
  <datafield tag="500" ind1=" " ind2=" ">
    <subfield code="a">Formerly CIP.</subfield>
    <subfield code="5">Uk</subfield>
  </datafield>
  <datafield tag="504" ind1=" " ind2=" ">
    <subfield code="a">Includes bibliographical references and index.</subfield>
  </datafield>
  <datafield tag="505" ind1=" " ind2=" ">
    <subfield code="a">Part 1 &#x2014; Introducing market and social research &#x2014;
Research, data and insight &#x2014;
The practice of market and social research &#x2014;
Types of data and research &#x2014;

Part 2 &#x2014; Planning and designing research &#x2014;
Business problem and research problem &#x2014;
Research design &#x2014;
Writing a research brief &#x2014;
Writing a research proposal &#x2014;

Part 3 &#x2014; Secondary or existing data &#x2014;
Sources of existing data &#x2014;
Evaluating existing data &#x2014;

Part 4 &#x2014; Qualitative research &#x2014;
Qualitative research methods &#x2014;
Doing qualitative research &#x2014;
Analysing qualitative data &#x2014;

Part 5 &#x2014; Quantitative research &#x2014;
Methods of data collection &#x2014;
Sampling &#x2014;
Designing questionnaires &#x2014;
Understanding data &#x2014;
Analysing quantitative data &#x2014;
Data mining and data analytics &#x2014;

Part 6 &#x2014; Bringing it all together: Managing and reviewing a project &#x2014;
Communicating the finding.</subfield>
  </datafield>
  <datafield tag="520" ind1=" " ind2=" ">
    <subfield code="a">The Practice of Market Research: From Data to Insight, 5th edition, by McGivern offers a thorough introduction to the practice of market and social research. It is structured around the research process &#x2013; from defining the problem to be researched to communicating the insight which the research produces. An ideal companion for a market research student or anyone doing a research project, the book takes you through data analytics and data mining in a market research context, in addition to explaining the ethical, legal and regulatory context in which research operates.
The &#x2018;Industry Insights&#x2019; draw real-world examples from successful market research projects in companies such as Formula One, BBC, IBM, PayPal, Twinings and Volvo. There are also examples of research on social issues including the COVID-19 pandemic, anti-social behaviour, HIV/AIDS, cancer support and many more. The new edition supports the MRS Advanced Certificate in Market and Social Research Practice.</subfield>
  </datafield>
  <datafield tag="650" ind1=" " ind2="0">
    <subfield code="a">Marketing research</subfield>
    <subfield code="9">1465</subfield>
  </datafield>
  <datafield tag="650" ind1=" " ind2="0">
    <subfield code="a">Marketing research </subfield>
    <subfield code="x">Methodology</subfield>
    <subfield code="9">8379</subfield>
  </datafield>
  <datafield tag="942" ind1=" " ind2=" ">
    <subfield code="2">lcc</subfield>
  </datafield>
  <datafield tag="952" ind1=" " ind2=" ">
    <subfield code="0">0</subfield>
    <subfield code="1">0</subfield>
    <subfield code="2">lcc</subfield>
    <subfield code="4">0</subfield>
    <subfield code="7">0</subfield>
    <subfield code="a">TBS</subfield>
    <subfield code="b">TBS</subfield>
    <subfield code="d">2026-03-10</subfield>
    <subfield code="l">0</subfield>
    <subfield code="r">2026-03-10</subfield>
    <subfield code="t">1</subfield>
    <subfield code="w">2026-03-10</subfield>
    <subfield code="y">1</subfield>
    <subfield code="z">SOON AVAILABLE</subfield>
  </datafield>
  <datafield tag="999" ind1=" " ind2=" ">
    <subfield code="c">5407</subfield>
    <subfield code="d">5407</subfield>
  </datafield>
</record>
